000 00308nam a2200109 4500
999 _c9787
_d9787
008 180717b ||||| |||| 00| 0 eng d
245 _aStrengthen digital dev't strategies.
260 _aDavao City
_bSun Star Davao
_cc2017
300 _apage 9.
650 0 _928995
_aTechnological innovations.
942 _2ddc
_cPER